ბათუმის შოთა რუსთაველის სახელმწიფო უნივერსიტეტის ბიბლიოთეკა

ეფექტიანი სწავლება : (ბიბ.ჩანაწერი № 43986)

000 -ლიდერი
ფიქსირებული სიგრძის საკონტროლო ველი 01432nam a2200277Ia 4500
001 - საკონტროლო ნომერი
საკონტროლო ველი 10736
003 - საკონტროლო ნომრის იდენტიფიკატორი
საკონტროლო ველი GE_BSU
005 - ბოლო ოპერაციის თარიღი და დრო
საკონტროლო ველი 20220301113133.0
008 - ფიქსირებული სიგრძის მონაცემთა ელემენტები - ზოგადი ინფორმაცია
ფიქსირებული სიგრძის საკონტროლო ველი 181216s2010||||ge |||||||||||||| ||geo||
020 ## - წიგნის საერთაშორისო სტანდარტული ნომერი
International Standard Book Number 9789941031083
040 ## - კატალოგიზაციის წყარო
Transcribing agency GE_BSU
041 ## - ენის კოდი
Language code of text/sound track or separate title geo
080 ## - უნივერსალური ათობითი კლასიფიკაციის ინდექსი
Universal Decimal Classification number 37.02+371.3 ე-89
245 ## - ცნობა სათაურის შესახებ
Title ეფექტიანი სწავლება :
Remainder of title თეორია და პრაქტიკა /
Statement of responsibility, etc გამოცდების ეროვნ. ცენტრი, კვლევის დეპარტამენტი ; რედ. ია კუტალაძე ; [წიგნზე მუშაობდნენ: ნუცა (მაგდა) კობახიძე [და სხვ.]].
264 ## - წარმოების, გამოცემის, დისტრიბუციის და სხვა ცნობები
გამოცემის, წარმოების, დისტრიბუციის... ადგილი თბილისი,
გამოცემის, წარმოების, დისტრიბუციის... თარიღი 2010.
300 ## - ფიზიკური აღწერა
Extent 324 გვ.:
Other physical details სურ. ;
Dimensions 20 სმ.
500 ## - ზოგადი შენიშვნა
General note შემოსულია ტემპუსის პროექტით
501 ## - შენიშვნა თანმხლებ მასალაზე
With note სახელთა საძ.: გვ. 318-321.
504 ## - BIBLIOGRAPHY, ETC. NOTE
Bibliography, etc ბიბლიოგრ. თავების ბოლოს.
653 ## - INDEX TERM--UNCONTROLLED
Uncontrolled term სწავლების მეთოდიკა
700 ## - ADDED ENTRY--PERSONAL NAME
Personal name კუტალაძე, ია
Relator term რედაქტორი
9 (RLIN) 13573
700 ## - ADDED ENTRY--PERSONAL NAME
Personal name კობახიძე, ნუცა
9 (RLIN) 13574
700 ## - ADDED ENTRY--PERSONAL NAME
Personal name გაბაშვილი, მარიამ
9 (RLIN) 13575
700 ## - ADDED ENTRY--PERSONAL NAME
Personal name გორდელაძე, ნინო
9 (RLIN) 13576
942 ## - ADDED ENTRY ELEMENTS (KOHA)
Koha item type წიგნი
Source of classification or shelving scheme
ეგზემპლარები
ჩამოწერის სტატუსი დაკარგული ეგზემპლარის სტატუსი კლასიფიკაციის წყარო ან თაროზე გაწყობის სქემა დაზიანების სტატუსი არ გაიცემა მუდმივი მდებარეობა (დაცვის ადგილი) ამჟამინდელი ადგილსამყოფელი თაროზე განთავსების ადგილი შეძენის თარიღი ღირებულება, შესყიდვის ნორმალური ფასი სრული შენახვის შიფრი შტრიხკოდი ბოლო ოპერაციის თარიღი ეგზემპლარის მიმდევრობითი ნომერი (კეტერი?) ფასის ძალაში შესვლის თარიღი ეგზემპლარის სახეობა საჯარო შენიშვნა
          ბათუმის შოთა რუსთაველის სახელმწიფო უნივერსიტეტის მთავარი ბიბლიოთეკა ბათუმის შოთა რუსთაველის სახელმწიფო უნივერსიტეტის მთავარი ბიბლიოთეკა წიგნსაცავი 2018-12-17 10.00 37.02+371.3 ე-89 35142 2018-12-17 35142 2018-12-17 წიგნი 10 ლ.
          ბათუმის შოთა რუსთაველის სახელმწიფო უნივერსიტეტის მთავარი ბიბლიოთეკა ბათუმის შოთა რუსთაველის სახელმწიფო უნივერსიტეტის მთავარი ბიბლიოთეკა წიგნსაცავი 2018-12-17 10.00 37.02+371.3 ე-89 35143 2018-12-17 35143 2018-12-17 წიგნი 10 ლ.